000 00609nam a2200169Ia 4500
005 20250424120225.0
008 250424s9999 xx 000 0 und d
022 _a15971563
050 _aH 53.A34 .B33/
245 0 _aBabcock journal of history and international studies.
260 _aOgun state, Nigeria
260 _b Nigerian Mining, Geological, and Metallurgical Society
260 _c2019
300 _avii, 194 p. :ill. ; 24 cm.
650 _aSocial sciences--Africa--Periodicals. Social sciences--Nigeria--Periodicals. Africa--History--Periodicals. Nigeria--History--Periodicals.
942 _cSR
999 _c38088
_d38088